| 000 | 00385 a2200145 4500 | ||
|---|---|---|---|
| 041 | _aEng | ||
| 082 | _aCD8246 | ||
| 100 | _aLimbu, Kaji Man | ||
| 245 | _aEnglish and Visan kinship terms. | ||
| 260 |
_aMorang: _bNepal _c2012 |
||
| 502 |
_aDissertation _bDegree in Education _cSukuna M. C. |
||
| 650 |
_aEnglish language _aVocabularies |
||
| 653 | _aEnglish education | ||
| 942 |
_2ddc _cVM |
||
| 999 |
_c68576 _d68562 |
||